Historia personal del boom
Furkejuvvon:
| Váldodahkkit: | , |
|---|---|
| Materiálatiipa: | Girji |
| Giella: | espánnjágiella |
| Almmustuhtton: |
Barcelona
Seix Barral
1983
|
| Fáttát: | |
| Fáddágilkorat: |
Lasit fáddágilkoriid
Eai fáddágilkorat, Lasit vuosttaš fáddágilkora!
|
MARC
| LEADER | 00000nam a2200000 a 4500 | ||
|---|---|---|---|
| 001 | UCN0954 | ||
| 003 | CL-VaPUC | ||
| 008 | 010406e19830000SP |||||||||||||||||spa|d | ||
| 082 | 0 | 4 | |a H860.9 |b DON |2 21 |
| 100 | 0 | |a Donoso, José |e author |9 313758 | |
| 700 | 0 | |a Donoso, Maria Pilar |e author |9 310567 | |
| 245 | 1 | 0 | |a Historia personal del boom |
| 246 | 1 | 3 | |a El boom doméstico |
| 300 | |a 161 p | ||
| 942 | |c BK | ||
| 945 | |d 20010406 00:00:00 |a vberengu | ||
| 260 | |a Barcelona |b Seix Barral |c 1983 | ||
| 650 | 0 | |a Literatura latinoamericana |9 309997 | |
| 650 | 0 | |a Historia y crítica, siglo 20 |9 269384 | |
| 650 | 7 | |a NOVELA LATINOAMERICANA SIGLO 20 |2 CL-VaPUC |9 318443 | |
| 583 | |a last modification |c 20010406 00:00:00 |k Rodrigo Vera | ||
| 999 | |c 294565 |d 294563 | ||
| 952 | |0 0 |1 0 |4 0 |6 H_860_900000000000000_DON_1983 |7 0 |8 A |9 347064 |a FDOPOS |b FDOPOS |d 2019-11-20 |i 371215K |o H860.9 DON 1983 |p 371215K |r 2025-01-22 |w 2019-11-20 |y BK |k MLH | ||